Közlekedés, politika, 1945-1989

Bibliographic Details
Main Author: Frisnyák, Zsuzsa (Author)
Format: Book
Language:Hungarian
PhysicalDescription:655 s. mp., tab. 25 cm
Published: Budapest MTA Történettudományi Intézet 2011
ISBN:9789639627130
ISSN:2061-313X
Series:Magyarország a szovjet zónában és a rendszerváltásban
Subjects:

MARC

LEADER 00000nam a2200000 a 4500
001 vtls010677743
003 SK-MaSNL
005 20260301134754.0
008 240313s2011 hu ab e n 001 0 hun
015 |a SNBZSA2015 
020 |a 9789639627130  |q (viaz.) 
035 |a urn:nbn:sk:snk-am00a1il 
035 |a urn:nbn:sk:snk-am3hd6q 
035 |a 93EA0491-FBE7-4B24-B708-236ACCAFC6D2 
040 |a SNK  |b slo  |c SNK  |e AACR2 
041 |a hun 
043 |a e-hu--- 
044 |a hu  |c HU 
072 7 |a 330.5+338  |x Národné hospodárstvo a hospodárska politika  |2 konspekt 
080 |a 338.47  |2 2001 
080 |a (439)  |2 2001 
080 |a (048.8)  |2 2011 
080 |a (093)  |2 2001 
100 1 |a Frisnyák, Zsuzsa  |4 aut  |9 489111 
245 1 0 |a Közlekedés, politika, 1945-1989  |c Zsuzsa Frisnyák 
260 |a Budapest  |b MTA Történettudományi Intézet  |c 2011 
300 |a 655 s.  |b mp., tab.  |c 25 cm 
490 1 |a Magyarország a szovjet zónában és a rendszerváltásban  |x 2061-313X 
504 |a Bibliogr. odkazy ; chronológia ; pozn. ; reg. 
648 7 |a 1945-1989  |2 SNKPH  |9 277989 
650 0 7 |a dopravná politika  |2 SNKPH  |9 58159 
650 0 7 |a Transportation policy  |2 SNKPHeng  |9 324735 
651 7 |a Maďarsko  |2 SNKPH  |9 16754 
651 7 |a Hungary  |2 SNKPHeng  |9 265263 
655 7 |a monografie  |2 SNKPH  |9 70139 
655 7 |a Monographs  |2 SNKPHeng  |9 120675 
655 7 |a dokumenty  |2 SNKPH  |9 70482 
655 7 |a Documents  |2 SNKPHeng  |9 277725 
752 |a Maďarsko  |d Budapešť 
830 0 |a Magyarország a szovjet zónában és a rendszerváltásban  |9 489112 
919 |a 978-963-9627-13-0 
958 |a ZS 
958 |a NB 
958 |a HU 
999 |c 758043  |d 759973 
952 |a SNK  |b SNK  |y PREZ  |7 0  |p 17A1122606  |o snkSC 164529  |i snk2015/14860  |8 1  |0 0  |1 0  |4 0  |d 2015-05-07  |f 1  |l 0  |r 2025-08-28 00:00:00  |w 2026-02-23